| 000 | 00625nam a22001937a 4500 | ||
|---|---|---|---|
| 003 | OSt | ||
| 005 | 20250616104236.0 | ||
| 008 | 241121b |||a|||| |||| 00| 0 spa d | ||
| 020 | _a9789585764002 | ||
| 037 | _bDonación | ||
| 040 |
_aCO-JMCR _bspa _cCO-JMCR _dCO-JMCR _erda |
||
| 082 | 0 | 4 |
_a363.5 _bM99c _223 |
| 100 | 1 |
_aMutis Caballero, Sergio. _94216 |
|
| 245 | 1 | 0 |
_aConstruyendo valor : _bdesde la actividad empresarial y el oficio de periodista / _cSergio Mutis Caballero. |
| 260 |
_aBogotá : _bGrupo Valor S.A. _c2013. |
||
| 300 |
_a259 páginas ; _c23 cm. _bIlustraciones. |
||
| 942 |
_2ddc _cBK |
||
| 949 |
_ac _bc |
||
| 999 |
_c30870 _d17254 |
||